Mastering the fundamentals [

Bibliographic Details
Main Author: Palmer, Arnold
Format: Book
Published: S.L : S.N , 19-
Subjects:

MARC

LEADER 00000cam a2200000 7i4500
001 0000002211
002 000002411
005 20020919.0
020 |a 000002411 
090 0 0 |a 796.352   |b PAL 
100 1 |a Palmer, Arnold 
245 1 0 |a Mastering the fundamentals [  |h video recording]   |c Arnold Palmer 
260 |a S.L :   |b S.N ,   |c 19- 
300 |a 1 Video recording VHS (60 minutes) :   |b col.(PAL) 
500 |a Library has 1 copy 
650 0 0 |a Golf 
999 |a 00108   |b VIDEO   |c KOLEKSI AUDIO VIDEO   |e PERPUSTAKAAN KOMUNITI PETALING JAYA